| 000 | 00000nam 2200000za 4500 |
| 001 | 9.700270 |
| 003 | CaOODSP |
| 005 | 20250527151634 |
| 007 | cr ||||||||||| |
| 008 | 150407r19581955oncao|||o f000 0 eng d |
| 040 | |aCaOODSP|beng |
| 043 | |an-cn--- |
| 086 | 1 |aA43-940/1955E-PDF |
| 100 | 1 |aTwinn, C. R. |
| 245 | 10|aControl of black flies in Canada |h[electronic resource] / |cby C.R. Twinn and D.G. Peterson. |
| 260 | |aOttawa : |bCanada Department of Agriculture : |bScience Service, Entomology Branch, |c1955 |g(1958 printing). |
| 300 | |a9 p. : |bill. |
| 500 | |a"Issued April 1955, Reprinted February 1958". |
| 500 | |aHistorical publication digitized by Agriculture and Agri-Food Canada. |
| 500 | |aIssued also in French under title: La répression des mouches noires au Canada. |
| 590 | |a15-02-Supp|b2015-02-16 |
| 690 | 07|aAgricultural technology|2gcpds |
| 690 | 07|aCrops|2gcpds |
| 690 | 07|aPesticides|2gcpds |
| 700 | 1 |aPeterson, D. G. |
| 710 | 1 |aCanada. |bDepartment of Agriculture. |
| 710 | 1 |aCanada.|bDivision of Entomology. |
| 775 | 08|tLa répression des mouches noires au Canada |w(CaOODSP)9.644168 |
| 856 | 40|ahttp://publications.gc.ca|qPDF|s1079 KB|uhttps://publications.gc.ca/collections/collection_2015/aac-aafc/A43-940-1955-eng.pdf |
| 986 | |aPublication 940 |